| 000 | 00476nam a2200181Ia 4500 | ||
|---|---|---|---|
| 008 | 131103s9999 xx 000 0 und d | ||
| 040 | _aLoreto College | ||
| 041 | _aEnglish | ||
| 082 |
_a841.91/LAF _bLCLIB/16968 |
||
| 100 | _aCollie, Michael | ||
| 245 |
_aLaforgue _cMichael Collie |
||
| 260 |
_aLondon _bOliver And Boynd _c1963 |
||
| 300 |
_a120p _c 18cm |
||
| 504 | _aIncludes bibilography | ||
| 650 | _aFrench literature | ||
| 850 | _aLCLIB/841.91/LAF | ||
| 942 | _cBK | ||
| 999 |
_c24335 _d74814 |
||